<?xml version="1.0" encoding="UTF-8"?><?xml-stylesheet type="text/xsl" href="static/style.xsl"?><OAI-PMH xmlns="http://www.openarchives.org/OAI/2.0/" xmlns:xsi="http://www.w3.org/2001/XMLSchema-instance" xsi:schemaLocation="http://www.openarchives.org/OAI/2.0/ http://www.openarchives.org/OAI/2.0/OAI-PMH.xsd"><responseDate>2026-05-11T20:26:36Z</responseDate><request verb="GetRecord" identifier="oai:riubu.ubu.es:10259/6125" metadataPrefix="marc">https://riubu.ubu.es/oai/request</request><GetRecord><record><header><identifier>oai:riubu.ubu.es:10259/6125</identifier><datestamp>2022-11-15T13:30:15Z</datestamp><setSpec>com_10259_3844</setSpec><setSpec>com_10259_5086</setSpec><setSpec>com_10259_2604</setSpec><setSpec>col_10259_3845</setSpec></header><metadata><record xmlns="http://www.loc.gov/MARC21/slim" xmlns:doc="http://www.lyncode.com/xoai" xmlns:xsi="http://www.w3.org/2001/XMLSchema-instance" xmlns:dcterms="http://purl.org/dc/terms/" xsi:schemaLocation="http://www.loc.gov/MARC21/slim http://www.loc.gov/standards/marcxml/schema/MARC21slim.xsd">
<leader>00925njm 22002777a 4500</leader>
<datafield tag="042" ind1=" " ind2=" ">
<subfield code="a">dc</subfield>
</datafield>
<datafield tag="720" ind1=" " ind2=" ">
<subfield code="a">Pérez Estébanez, Martín</subfield>
<subfield code="e">author</subfield>
</datafield>
<datafield tag="720" ind1=" " ind2=" ">
<subfield code="a">Hernández Muñoz, Sheila</subfield>
<subfield code="e">author</subfield>
</datafield>
<datafield tag="720" ind1=" " ind2=" ">
<subfield code="a">Perales Rondon, Juan Víctor</subfield>
<subfield code="e">author</subfield>
</datafield>
<datafield tag="720" ind1=" " ind2=" ">
<subfield code="a">Gomez, Elvira</subfield>
<subfield code="e">author</subfield>
</datafield>
<datafield tag="720" ind1=" " ind2=" ">
<subfield code="a">Heras Vidaurre, Aránzazu</subfield>
<subfield code="e">author</subfield>
</datafield>
<datafield tag="720" ind1=" " ind2=" ">
<subfield code="a">Colina Santamaría, Álvaro</subfield>
<subfield code="e">author</subfield>
</datafield>
<datafield tag="260" ind1=" " ind2=" ">
<subfield code="c">2020-09</subfield>
</datafield>
<datafield tag="520" ind1=" " ind2=" ">
<subfield code="a">Electrochemical Surface Oxidation Enhanced Raman Scattering (EC-SOERS) is an interesting and promising phenomenon capable of amplifying the Raman signal in a similar way to Surface Enhanced Raman Scattering (SERS), but EC-SOERS takes place during the oxidation of a silver substrate. This phenomenon was originally described for specific electrolytic conditions in which a small amount of chloride in acidic medium was mandatory to obtain a substantial enhancement. Herein, we demonstrate that EC-SOERS can be also observed in presence of KBr, showing a potential-dependent behavior. Moreover, in this work a novel approach to reach chemical selectivity during time resolved Raman spectroelectrochemistry (TR-Raman-SEC) experiments is proposed. This new approach is based on the effect of the electrolytic medium on the structures that are formed on the electrode surface. SEM studies were carried out to study the origin of this selectivity. Although SEM images reveal clear differences between the structures of silver halides formed on the electrode surface during the oxidation of the substrate, the absence of EC-SOERS effect at open circuit potential hinders the identification of the actual structures responsible for the phenomenon.</subfield>
</datafield>
<datafield tag="024" ind2=" " ind1="8">
<subfield code="a">0013-4686</subfield>
</datafield>
<datafield tag="024" ind2=" " ind1="8">
<subfield code="a">http://hdl.handle.net/10259/6125</subfield>
</datafield>
<datafield tag="024" ind2=" " ind1="8">
<subfield code="a">10.1016/j.electacta.2020.136560</subfield>
</datafield>
<datafield ind1=" " ind2=" " tag="653">
<subfield code="a">Spectroelectrochemistry</subfield>
</datafield>
<datafield ind1=" " ind2=" " tag="653">
<subfield code="a">Raman</subfield>
</datafield>
<datafield ind1=" " ind2=" " tag="653">
<subfield code="a">SERS</subfield>
</datafield>
<datafield ind1=" " ind2=" " tag="653">
<subfield code="a">EC-SOERS</subfield>
</datafield>
<datafield ind1=" " ind2=" " tag="653">
<subfield code="a">Silver roughening</subfield>
</datafield>
<datafield tag="245" ind1="0" ind2="0">
<subfield code="a">Chemical selectivity in electrochemical surface oxidation enhanced Raman scattering</subfield>
</datafield>
</record></metadata></record></GetRecord></OAI-PMH>